| 000 | 01082cam a22003255a 4500 | ||
|---|---|---|---|
| 001 | 015495485 | ||
| 003 | EG-ScBUE | ||
| 005 | 20221030132842.0 | ||
| 008 | 100216r20101976enka f b 000 0 eng d | ||
| 020 | _a9780521136396 (pbk.) | ||
| 040 |
_aStDuBDS _beng _erda _cStDuBDS _dEG-ScBUE |
||
| 082 | 0 | 4 |
_a721 _bARC _222 |
| 245 | 0 | 4 |
_aThe architecture of form / _cedited by Lionel March. |
| 250 | _aReprinted edition. | ||
| 264 | 1 |
_aCambridge : _bCambridge University Press, _c2010. |
|
| 300 |
_axv, 490 pages : _billustrations ; _c23 cm. |
||
| 336 |
_2rdacontent _atext _btxt |
||
| 337 |
_2rdamedia _aunmediated _bn |
||
| 338 |
_2rdacarrier _avolume _bnc |
||
| 490 | 0 |
_aCambridge urban and architectural studies ; _v4 |
|
| 500 | _aOriginally published : 1976. | ||
| 504 | _aIncludes bibliographical references. | ||
| 650 | 7 |
_aArchitectural design. _2BUEsh |
|
| 650 | 7 |
_aArchitecture _xComposition, proportion, etc. _2BUEsh |
|
| 651 | _2BUEsh | ||
| 653 |
_bENGGEN _cNovember2015 |
||
| 655 | _vReading book | ||
| 700 | 1 |
_aMarch, Lionel, _d1934-, _eeditor. |
|
| 942 |
_2ddc _k721 ARC _cBB |
||
| 999 |
_c21036 _d21008 |
||